Surnoms des membres de la Résistance - Miraculous - Statistiques

Statistiques générales
  • Ce quiz a été pris 48 fois
  • Le résultat moyen est 4 sur 12
Statistiques - réponses
Nom Surnom % Correct
Nino Lahiffe Camarade Ketchup
100%
Adrien Agreste Camarade Mayonnaise
95%
Alya Césaire Camarade Beurre maître d'hôtel
42%
Marinette Dupain-Cheng Camarade Béchamel
34%
Lila Rossi Camarade Aigre-douce
24%
Rose Lavillant Camarade Cocktail
24%
Ivan Bruel Camarade Aïoli
21%
Max Kanté Camarade Béarnaise
21%
Gabriel Agreste Camarade Sauce Tartare
18%
Kim Chiến Lê Camarade Bourguignonne
11%
Mylène Haprèle Camarade Gribiche
8%
Juleka Couffaine Camarade Grand veneur
5%
Aucun quiz correspondant
Distribution des résultats
% des personnes avec chaque résultat
Percentile par nombre de réponses
Votre historique - résultats
Vous n’avez pas pris ce quiz